Countries by Letter - U - Statistics

General Stats
  • This quiz has been taken 55 times
  • The average score is 6 of 7
Answer Stats
Hint Answer % Correct
Europe UK
98%
Africa Uganda
96%
South America Uruguay
96%
Asia Uzbekistan
92%
Europe Ukraine
88%
North America USA
87%
Asia UAE
73%
No matching quizzes found
Score Distribution
Percent of People with Each Score
Percentile by Number Answered
Your Score History
You have not taken this quiz